Civil liberties law : the human rights act era (Record no. 129971)

MARC details
000 -LEADER
fixed length control field 00803nam a2200253Ia 4500
008 - FIXED-LENGTH DATA ELEMENTS--GENERAL INFORMATION
fixed length control field 191130s2001##################000#0#eng##
020 ## - INTERNATIONAL STANDARD BOOK NUMBER
ISBN 9780406555113
082 ## - DEWEY DECIMAL CLASSIFICATION NUMBER
Classification number 3442085 WHI
100 ## - MAIN ENTRY--AUTHOR NAME
Personal name Whitty, Noel
245 ## - TITLE STATEMENT
Title Civil liberties law : the human rights act era
Statement of responsibility, etc Noel Whitty, Thérèse Murphy, Stephen Livingstone
260 ## - PUBLICATION, DISTRIBUTION, ETC. (IMPRINT)
Place of publication Oxford
Name of publisher Oxford University Press
Year of publication c2001
300 ## - PHYSICAL DESCRIPTION
Number of Pages xxxii, 499 p. ; 24 cm
500 ## - GENERAL NOTE
General note Includes bibliographical references (p. 435-447) and index
650 ## - SUBJECT ADDED ENTRY--TOPICAL TERM
Topical Term Civil rights - England
Topical Term Civil rights - Wales
Topical Term Human rights
700 ## - ADDED ENTRY--PERSONAL NAME
Personal name Livingstone, Stephen
Personal name Murphy, Thérèse
991 ## -
-- 240296
Holdings
Withdrawn status Lost status Damaged status Not for loan Home library Current library Date acquired Full call number Accession Number Price effective from Koha item type
        Anna Centenary Library Anna Centenary Library 12.10.2020 3442085 WHI 279175 12.10.2020 English Books

Find us on the map